<?xml version="1.0" encoding="UTF-8"?>
<record
    xmlns:xsi="http://www.w3.org/2001/XMLSchema-instance"
    xsi:schemaLocation="http://www.loc.gov/MARC21/slim http://www.loc.gov/standards/marcxml/schema/MARC21slim.xsd"
    xmlns="http://www.loc.gov/MARC21/slim">

  <leader>01524nam a22002657a 4500</leader>
  <controlfield tag="003">NALT</controlfield>
  <controlfield tag="005">20220303141115.0</controlfield>
  <controlfield tag="008">      s2548    th                  tha d</controlfield>
  <datafield tag="020" ind1=" " ind2=" ">
    <subfield code="a">9749310357</subfield>
  </datafield>
  <datafield tag="040" ind1=" " ind2=" ">
    <subfield code="a">NALT</subfield>
  </datafield>
  <datafield tag="041" ind1=" " ind2=" ">
    <subfield code="a">tha</subfield>
  </datafield>
  <datafield tag="050" ind1=" " ind2=" ">
    <subfield code="a">HD 30.25</subfield>
    <subfield code="b">&#xE15;199&#xE01; 2548 </subfield>
  </datafield>
  <datafield tag="110" ind1="2" ind2=" ">
    <subfield code="a">&#xE15;&#xE25;&#xE32;&#xE14;&#xE2B;&#xE25;&#xE31;&#xE01;&#xE17;&#xE23;&#xE31;&#xE1E;&#xE22;&#xE4C;&#xE41;&#xE2B;&#xE48;&#xE07;&#xE1B;&#xE23;&#xE30;&#xE40;&#xE17;&#xE28;&#xE44;&#xE17;&#xE22;</subfield>
    <subfield code="9">6985</subfield>
  </datafield>
  <datafield tag="245" ind1="1" ind2="0">
    <subfield code="a">&#xE01;&#xE32;&#xE23;&#xE27;&#xE34;&#xE40;&#xE04;&#xE23;&#xE32;&#xE30;&#xE2B;&#xE4C;&#xE40;&#xE0A;&#xE34;&#xE07;&#xE1B;&#xE23;&#xE34;&#xE21;&#xE32;&#xE13; /</subfield>
    <subfield code="c">&#xE15;&#xE25;&#xE32;&#xE14;&#xE2B;&#xE25;&#xE31;&#xE01;&#xE17;&#xE23;&#xE31;&#xE1E;&#xE22;&#xE4C;&#xE41;&#xE2B;&#xE48;&#xE07;&#xE1B;&#xE23;&#xE30;&#xE40;&#xE17;&#xE28;&#xE44;&#xE17;&#xE22;.</subfield>
  </datafield>
  <datafield tag="260" ind1=" " ind2=" ">
    <subfield code="a">&#xE01;&#xE23;&#xE38;&#xE07;&#xE40;&#xE17;&#xE1E;&#xE2F; : </subfield>
    <subfield code="b">&#xE2A;&#xE16;&#xE32;&#xE1A;&#xE31;&#xE19;&#xE1E;&#xE31;&#xE12;&#xE19;&#xE32;&#xE04;&#xE27;&#xE32;&#xE21;&#xE23;&#xE39;&#xE49;&#xE15;&#xE25;&#xE32;&#xE14;&#xE17;&#xE38;&#xE19; &#xE15;&#xE25;&#xE32;&#xE14;&#xE2B;&#xE25;&#xE31;&#xE01;&#xE17;&#xE23;&#xE31;&#xE1E;&#xE22;&#xE4C;&#xE41;&#xE2B;&#xE48;&#xE07;&#xE1B;&#xE23;&#xE30;&#xE40;&#xE17;&#xE28;&#xE44;&#xE17;&#xE22;, </subfield>
    <subfield code="c">2548</subfield>
  </datafield>
  <datafield tag="300" ind1=" " ind2=" ">
    <subfield code="a">309 &#xE2B;&#xE19;&#xE49;&#xE32; :</subfield>
    <subfield code="b">&#xE15;&#xE32;&#xE23;&#xE32;&#xE07; ;</subfield>
    <subfield code="c">26 &#xE0B;&#xE21;.</subfield>
  </datafield>
  <datafield tag="610" ind1=" " ind2=" ">
    <subfield code="a">&#xE15;&#xE25;&#xE32;&#xE14;&#xE2B;&#xE25;&#xE31;&#xE01;&#xE17;&#xE23;&#xE31;&#xE1E;&#xE22;&#xE4C;&#xE41;&#xE2B;&#xE48;&#xE07;&#xE1B;&#xE23;&#xE30;&#xE40;&#xE17;&#xE28;&#xE44;&#xE17;&#xE22;</subfield>
  </datafield>
  <datafield tag="650" ind1="0" ind2="4">
    <subfield code="a">&#xE2A;&#xE16;&#xE34;&#xE15;&#xE34;&#xE27;&#xE34;&#xE40;&#xE04;&#xE23;&#xE32;&#xE30;&#xE2B;&#xE4C;</subfield>
  </datafield>
  <datafield tag="650" ind1="0" ind2="4">
    <subfield code="a">&#xE04;&#xE13;&#xE34;&#xE15;&#xE28;&#xE32;&#xE2A;&#xE15;&#xE23;&#xE4C;&#xE2A;&#xE16;&#xE34;&#xE15;&#xE34;</subfield>
  </datafield>
  <datafield tag="650" ind1="0" ind2="4">
    <subfield code="a">&#xE18;&#xE38;&#xE23;&#xE01;&#xE34;&#xE08; -- &#xE01;&#xE32;&#xE23;&#xE27;&#xE34;&#xE40;&#xE04;&#xE23;&#xE32;&#xE30;&#xE2B;&#xE4C;&#xE40;&#xE0A;&#xE34;&#xE07;&#xE1B;&#xE23;&#xE34;&#xE21;&#xE32;&#xE13;</subfield>
  </datafield>
  <datafield tag="650" ind1="0" ind2="4">
    <subfield code="a">&#xE01;&#xE32;&#xE23;&#xE27;&#xE34;&#xE40;&#xE04;&#xE23;&#xE32;&#xE30;&#xE2B;&#xE4C;&#xE40;&#xE0A;&#xE34;&#xE07;&#xE1B;&#xE23;&#xE34;&#xE21;&#xE32;&#xE13;</subfield>
  </datafield>
  <datafield tag="650" ind1="0" ind2="4">
    <subfield code="a">&#xE01;&#xE32;&#xE23;&#xE27;&#xE34;&#xE40;&#xE04;&#xE23;&#xE32;&#xE30;&#xE2B;&#xE4C;&#xE40;&#xE0A;&#xE34;&#xE07;&#xE1B;&#xE23;&#xE34;&#xE21;&#xE32;&#xE13;&#xE18;&#xE38;&#xE23;&#xE01;&#xE34;&#xE08; -- &#xE01;&#xE32;&#xE23;&#xE27;&#xE34;&#xE40;&#xE04;&#xE23;&#xE32;&#xE30;&#xE2B;&#xE4C;&#xE40;&#xE0A;&#xE34;&#xE07;&#xE1B;&#xE23;&#xE34;&#xE21;&#xE32;&#xE13;&#xE04;&#xE13;&#xE34;&#xE15;&#xE28;&#xE32;&#xE2A;&#xE15;&#xE23;&#xE4C;&#xE2A;&#xE16;&#xE34;&#xE15;&#xE34;&#xE2A;&#xE16;&#xE34;&#xE15;&#xE34;&#xE27;&#xE34;&#xE40;&#xE04;&#xE23;&#xE32;&#xE30;&#xE2B;&#xE4C;</subfield>
  </datafield>
  <datafield tag="850" ind1=" " ind2=" ">
    <subfield code="a">NALT</subfield>
  </datafield>
  <datafield tag="942" ind1=" " ind2=" ">
    <subfield code="c">GB</subfield>
    <subfield code="2">lcc</subfield>
  </datafield>
  <datafield tag="999" ind1=" " ind2=" ">
    <subfield code="c">46946</subfield>
    <subfield code="d">46946</subfield>
  </datafield>
  <datafield tag="998" ind1=" " ind2=" ">
    <subfield code="j">109</subfield>
    <subfield code="k"> &#xE2D;&#xE32;&#xE23;&#xE35;&#xE23;&#xE31;&#xE15;&#xE19;&#xE4C; &#xE27;&#xE34;&#xE0A;&#xE32;&#xE0A;&#xE48;&#xE32;&#xE07;</subfield>
  </datafield>
  <datafield tag="952" ind1=" " ind2=" ">
    <subfield code="0">0</subfield>
    <subfield code="1">0</subfield>
    <subfield code="4">0</subfield>
    <subfield code="7">0</subfield>
    <subfield code="8">CGBL</subfield>
    <subfield code="a">NALT</subfield>
    <subfield code="b">NALT</subfield>
    <subfield code="l">0</subfield>
    <subfield code="o">HD 30.25 &#xE15;199&#xE01; 2548</subfield>
    <subfield code="p">3961158125</subfield>
    <subfield code="r">2017-06-09 00:00:00</subfield>
    <subfield code="t">&#xE09;. 1</subfield>
    <subfield code="w">2017-06-09</subfield>
    <subfield code="y">GB</subfield>
  </datafield>
  <datafield tag="952" ind1=" " ind2=" ">
    <subfield code="0">0</subfield>
    <subfield code="1">0</subfield>
    <subfield code="4">0</subfield>
    <subfield code="7">0</subfield>
    <subfield code="8">CGBL</subfield>
    <subfield code="a">NALT</subfield>
    <subfield code="b">NALT</subfield>
    <subfield code="l">0</subfield>
    <subfield code="o">HD 30.25 &#xE15;199&#xE01; 2548</subfield>
    <subfield code="p">3961158126</subfield>
    <subfield code="r">2017-06-09 00:00:00</subfield>
    <subfield code="t">&#xE09;. 2</subfield>
    <subfield code="w">2017-06-09</subfield>
    <subfield code="y">GB</subfield>
  </datafield>
</record>
